01509nab a22002777a 4500999001500000003000400015005001700019008004100036040000700077100003000084245016100114260007300275300001500348500007200363505032300435505008900758650003500847650003900882650003700921650003600958650002800994650003001022650002701052773013901079942001301218 c5692d5692OSt20251227004633.0190603e xxum|||| |||| 00| 0 spa d cPJ aScotti, Luciana B. 9537510aA una década del Código Civil y Comercial : bprincipales innovaciones y asignaturas pendientes del derecho internacional privado /cLuciana B. Scotti.  cCiudad Autónoma de Buenos Aires :aThomson Reuters La Ley, b2025. ap. 293-311 aCita: TR LALEY AR/DOC/1763/2025 Publicado en: RCCyC 2025 (agosto). aSumario: I. Introducción.— II. Soluciones clásicas y respuestas modernas ante los escenarios actuales.— III. Características definitorias del Cód. Civ. y Com.— IV. Principales hitos del Cód. Civ. y Com. en materia de DIPr.— V. Algunos desafíos y asignaturas pendientes.— VI. A modo de colofón.  t¿Te interesa el texto completo? Solicitalo al correo: koha@justierradelfuego.gov.ar 091497aCODIGO CIVIL Y COMERCIAL 09327aDERECHO INTERNACIONAL PRIVADO 093474aAUTONOMÍA DE LA VOLUNTAD 09720aJURISDICCION INTERNACIONAL 09967aDERECHO DE FAMILIA 0aCOOPERACION INTERNACIONAL 09586aDEFENSA EN JUICIO0 0271393170dCiudad Autónoma de Buenos Aires : Thomson Reuters La Ley, 2015-tRevista Código Civil y Comercial. Nº 4 - Agosto 2025 2udccANA